[Event "Greek Team Championship"]
[Site "chess24.com"]
[Date "2017.07.08"]
[Round "7"]
[White "Skaraki, Antigoni"]
[Black "Lubbe, Melanie"]
[Result "0-1"]
[Board "5"]
[WhiteElo "1947"]
[WhiteCountry "GRE"]
[WhiteFideId "4222970"]
[WhiteEloChange "-3"]
[BlackElo "2278"]
[BlackTitle "WGM"]
[BlackCountry "GER"]
[BlackFideId "4690745"]
[BlackEloChange "3"]

1. e4 {[%clk 1:30:57]} e5 {[%clk 1:30:55]} 2. Nf3 {[%clk 1:31:22]} Nc6 {[%clk
1:31:19]} 3. Bb5 {[%clk 1:31:47]} a6 {[%clk 1:31:35]} 4. Ba4 {[%clk 1:32:05]}
Nge7 {[%clk 1:31:55]} 5. O-O {[%clk 1:24:16]} g6 {[%clk 1:32:00]} 6. d4 {[%clk
1:19:59]} exd4 {[%clk 1:25:18]} 7. Nxd4 {[%clk 1:19:43]} b5 {[%clk 1:24:40]} 8.
Bb3 {[%clk 1:17:45]} Bg7 {[%clk 1:24:55]} 9. Be3 {[%clk 1:15:22]} Na5 {[%clk
1:20:22]} 10. c3 {[%clk 0:53:09]} Nxb3 {[%clk 1:15:04]} 11. Nxb3 {[%clk 0:51:56]}
Nc6 {[%clk 1:13:29]} 12. N1d2 {[%clk 0:46:05]} O-O {[%clk 1:13:07]} 13. Re1
{[%clk 0:42:03]} d6 {[%clk 1:10:23]} 14. Nd4 {[%clk 0:36:53]} Ne5 {[%clk
1:09:25]} 15. N4f3 {[%clk 0:32:58]} Nd3 {[%clk 1:07:37]} 16. Re2 {[%clk 0:28:30]}
Nxb2 {[%clk 1:07:50]} 17. Qc2 {[%clk 0:28:33]} Na4 {[%clk 1:05:35]} 18. Bd4
{[%clk 0:25:37]} f6 {[%clk 1:03:42]} 19. Rd1 {[%clk 0:15:38]} c5 {[%clk 1:02:13]}
20. Be3 {[%clk 0:15:58]} f5 {[%clk 1:02:07]} 21. Nb1 {[%clk 0:12:53]} fxe4 {[%clk
0:46:35]} 22. Qxe4 {[%clk 0:10:45]} Bf5 {[%clk 0:46:55]} 23. Qd5+ {[%clk
0:11:13]} Kh8 {[%clk 0:47:19]} 24. Bd2 {[%clk 0:02:19]} h6 {[%clk 0:35:35]} 25.
Rde1 {[%clk 0:00:41]} Qf6 {[%clk 0:30:30]} 26. Qb7 {[%clk 0:00:43]} c4 {[%clk
0:22:28]} 27. Be3 {[%clk 0:00:39]} Qf7 {[%clk 0:22:21]} 28. Qxf7 {[%clk 0:00:45]}
Rxf7 {[%clk 0:22:46]} 29. Bd4 {[%clk 0:00:50]} Bxb1 {[%clk 0:21:33]} 30. Bxg7+
{[%clk 0:00:35]} Kxg7 {[%clk 0:21:54]} 31. Re6 {[%clk 0:00:37]} Bf5 {[%clk
0:20:54]} 32. Rxd6 {[%clk 0:01:00]} Nxc3 {[%clk 0:20:46]} 33. a3 {[%clk 0:01:10]}
a5 {[%clk 0:19:45]} 34. Rb6 {[%clk 0:01:13]} Rd8 {[%clk 0:19:06]} 35. h3 {[%clk
0:01:33]} Rdd7 {[%clk 0:14:45]} 36. g4 {[%clk 0:00:47]} Bd3 {[%clk 0:14:18]} 37.
Ne5 {[%clk 0:00:47]} Rfe7 {[%clk 0:11:55]} 38. f4 {[%clk 0:01:02]} Rb7 {[%clk
0:10:51]} 39. Ra6 {[%clk 0:01:08]} Ne2+ {[%clk 0:10:12]} 40. Kh2 {[%clk 0:31:01]}
Nxf4 {[%clk 0:40:29]} 41. Rxa5 {[%clk 0:29:50]} c3 {[%clk 0:40:21]} 42. Ra8
{[%clk 0:20:15]} c2 {[%clk 0:40:13]} 43. Rc8 {[%clk 0:19:32]} Rec7 {[%clk
0:39:21]} 44. Rxc7+ {[%clk 0:15:02]} Rxc7 {[%clk 0:39:46]} 45. Rc1 {[%clk
0:15:17]} Be4 {[%clk 0:39:50]} 0-1

[Event "Greek Team Championship"]
[Site "chess24.com"]
[Date "2017.07.08"]
[Round "7"]
[White "Poulopoulou, Ekaterini"]
[Black "Stratigi, Evangelia"]
[Result "1/2-1/2"]
[Board "6"]
[WhiteElo "1707"]
[WhiteCountry "GRE"]
[WhiteFideId "4244206"]
[WhiteEloChange "-3"]
[BlackElo "1593"]
[BlackCountry "GRE"]
[BlackFideId "4248961"]
[BlackEloChange "3"]

1. d4 {[%clk 1:30:56]} d5 {[%clk 1:30:53]} 2. c4 {[%clk 1:31:02]} c6 {[%clk
1:31:15]} 3. Nd2 {[%clk 1:28:22]} Nf6 {[%clk 1:31:23]} 4. Ngf3 {[%clk 1:27:29]}
g6 {[%clk 1:31:27]} 5. g3 {[%clk 1:27:36]} Bg7 {[%clk 1:31:47]} 6. Bg2 {[%clk
1:27:51]} O-O {[%clk 1:31:56]} 7. O-O {[%clk 1:27:18]} Re8 {[%clk 1:27:59]} 8.
Re1 {[%clk 1:14:31]} Nbd7 {[%clk 1:26:13]} 9. cxd5 {[%clk 0:46:04]} cxd5 {[%clk
1:25:29]} 10. b3 {[%clk 0:42:52]} Nb8 {[%clk 1:17:07]} 11. Bb2 {[%clk 0:36:53]}
Nc6 {[%clk 1:17:02]} 12. Nf1 {[%clk 0:29:15]} Qb6 {[%clk 1:16:03]} 13. Ne3 {[%clk
0:26:13]} Rd8 {[%clk 1:07:10]} 14. Rf1 {[%clk 0:20:57]} Ne4 {[%clk 1:03:25]} 15.
Nc2 {[%clk 0:18:16]} g5 {[%clk 0:59:22]} 16. h3 {[%clk 0:11:46]} Bf5 {[%clk
0:59:18]} 17. e3 {[%clk 0:08:50]} g4 {[%clk 0:55:34]} 18. hxg4 {[%clk 0:08:44]}
Bxg4 {[%clk 0:55:55]} 19. Qe1 {[%clk 0:07:29]} Rd6 {[%clk 0:52:02]} 20. Nh2
{[%clk 0:05:53]} Bf5 {[%clk 0:49:30]} 21. Qe2 {[%clk 0:04:23]} Rh6 {[%clk
0:46:19]} 22. Ng4 {[%clk 0:04:09]} Rg6 {[%clk 0:42:27]} 23. Nh2 {[%clk 0:04:15]}
Qc7 {[%clk 0:37:48]} 24. Ne1 {[%clk 0:03:26]} Qd7 {[%clk 0:36:04]} 25. Nd3 {[%clk
0:02:45]} Bh6 {[%clk 0:32:11]} 26. Nf4 {[%clk 0:01:54]} Bxf4 {[%clk 0:31:44]} 27.
exf4 {[%clk 0:02:16]} Nb4 {[%clk 0:25:39]} 28. Rfd1 {[%clk 0:01:33]} Rc8 {[%clk
0:24:11]} 29. Rac1 {[%clk 0:01:28]} Rxc1 {[%clk 0:22:31]} 30. Rxc1 {[%clk
0:01:52]} Nxa2 {[%clk 0:22:16]} 31. Ra1 {[%clk 0:01:47]} Nac3 {[%clk 0:22:08]}
32. Bxc3 {[%clk 0:01:52]} Nxc3 {[%clk 0:22:30]} 33. Qd2 {[%clk 0:01:38]} Nb5
{[%clk 0:22:24]} 34. Re1 {[%clk 0:01:41]} Re6 {[%clk 0:17:23]} 35. Rc1 {[%clk
0:01:57]} Rc6 {[%clk 0:17:22]} 36. Nf3 {[%clk 0:01:18]} Rxc1+ {[%clk 0:17:23]}
37. Qxc1 {[%clk 0:01:40]} f6 {[%clk 0:17:28]} 38. Qc5 {[%clk 0:01:41]} b6 {[%clk
0:15:13]} 39. Qb4 {[%clk 0:01:52]} Be4 {[%clk 0:11:52]} 40. Nh4 {[%clk 0:31:02]}
Bxg2 {[%clk 0:41:47]} 41. Kxg2 {[%clk 0:31:27]} Kf7 {[%clk 0:38:53]} 42. Qd2
{[%clk 0:29:05]} Qe6 {[%clk 0:36:21]} 43. Nf3 {[%clk 0:25:05]} Qc6 {[%clk
0:34:57]} 44. Qd3 {[%clk 0:24:49]} Kg7 {[%clk 0:33:38]} 45. Qf5 {[%clk 0:23:42]}
Nc3 {[%clk 0:24:28]} 46. Qg4+ {[%clk 0:18:57]} Kh8 {[%clk 0:21:46]} 47. Nh4
{[%clk 0:14:36]} e6 {[%clk 0:20:56]} 48. Qh5 {[%clk 0:14:11]} Kg7 {[%clk
0:19:22]} 49. Qg4+ {[%clk 0:14:24]} Kh8 {[%clk 0:18:15]} 50. Qh5 {[%clk 0:14:33]}
Kg7 {[%clk 0:18:40]} 51. Qg4+ {[%clk 0:14:51]} Kf8 {[%clk 0:16:06]} 52. Qh5
{[%clk 0:11:15]} Kg7 {[%clk 0:15:54]} 53. Qg4+ {[%clk 0:11:22]} Kh8 {[%clk
0:16:16]} 54. Qh5 {[%clk 0:11:35]} Kg7 {[%clk 0:16:42]} 55. Qg4+ {[%clk 0:12:00]}
Kh8 {[%clk 0:17:07]} 56. Qh5 {[%clk 0:12:25]} Kg7 {[%clk 0:17:33]} 1/2-1/2

[Event "Greek Team Championship"]
[Site "chess24.com"]
[Date "2017.07.08"]
[Round "7"]
[White "Papadokonstantaki, Aikaterini"]
[Black "Kratimenou, Georgia"]
[Result "0-1"]
[Board "7"]
[WhiteElo "1230"]
[WhiteCountry "GRE"]
[WhiteFideId "25818414"]
[WhiteEloChange "-11"]
[BlackElo "1203"]
[BlackCountry "GRE"]
[BlackFideId "25821717"]
[BlackEloChange "11"]

1. e4 {[%clk 1:30:55]} c5 {[%clk 1:30:54]} 2. Nc3 {[%clk 1:31:15]} Nc6 {[%clk
1:31:18]} 3. g3 {[%clk 1:31:36]} g6 {[%clk 1:31:39]} 4. Bg2 {[%clk 1:31:40]} Bg7
{[%clk 1:31:58]} 5. Nf3 {[%clk 1:29:20]} d6 {[%clk 1:30:38]} 6. d3 {[%clk
1:29:18]} e5 {[%clk 1:29:54]} 7. Nd5 {[%clk 1:21:48]} Nge7 {[%clk 1:29:34]} 8.
Bg5 {[%clk 1:20:26]} O-O {[%clk 1:20:38]} 9. Bf6 {[%clk 1:12:02]} Bg4 {[%clk
1:06:44]} 10. O-O {[%clk 1:08:09]} Qd7 {[%clk 1:01:58]} 11. Nxe7+ {[%clk
1:02:18]} Nxe7 {[%clk 1:02:05]} 12. Bxg7 {[%clk 1:01:45]} Kxg7 {[%clk 1:01:18]}
13. Re1 {[%clk 1:00:36]} Nc6 {[%clk 0:59:12]} 14. c3 {[%clk 0:59:15]} Rab8 {[%clk
0:51:22]} 15. Qd2 {[%clk 0:57:50]} b5 {[%clk 0:47:49]} 16. Nh4 {[%clk 0:54:35]}
b4 {[%clk 0:46:37]} 17. h3 {[%clk 0:51:06]} Bxh3 {[%clk 0:41:27]} 18. Bxh3 {[%clk
0:51:25]} Qxh3 {[%clk 0:41:07]} 19. Qg5 {[%clk 0:47:50]} Qe6 {[%clk 0:36:55]} 20.
Nf5+ {[%clk 0:44:04]} Kh8 {[%clk 0:34:27]} 21. Nh6 {[%clk 0:41:23]} Qe7 {[%clk
0:32:18]} 22. Qg4 {[%clk 0:40:08]} f6 {[%clk 0:28:14]} 23. Kg2 {[%clk 0:36:55]}
Qg7 {[%clk 0:26:40]} 24. Rh1 {[%clk 0:35:26]} f5 {[%clk 0:26:15]} 25. Qh3 {[%clk
0:30:07]} f4 {[%clk 0:21:32]} 26. Rag1 {[%clk 0:26:13]} fxg3 {[%clk 0:18:24]} 27.
Qxg3 {[%clk 0:26:12]} Rf4 {[%clk 0:17:44]} 28. Kf1 {[%clk 0:25:50]} Rbf8 {[%clk
0:17:31]} 29. Rg2 {[%clk 0:25:59]} bxc3 {[%clk 0:16:49]} 30. bxc3 {[%clk
0:26:11]} Rf3 {[%clk 0:17:02]} 31. Qg4 {[%clk 0:24:20]} R8f4 {[%clk 0:16:30]} 32.
Qc8+ {[%clk 0:24:12]} Rf8 {[%clk 0:15:28]} 33. Qxc6 {[%clk 0:23:56]} Qf6 {[%clk
0:15:56]} 34. Rhh2 {[%clk 0:23:55]} Rxd3 {[%clk 0:15:20]} 35. Qd7 {[%clk
0:20:39]} Rd1+ {[%clk 0:15:23]} 36. Ke2 {[%clk 0:20:36]} Qf3# {[%clk 0:15:45]}
0-1

[Event "Greek Team Championship"]
[Site "chess24.com"]
[Date "2017.07.08"]
[Round "7"]
[White "Danis, Hrisovalantis"]
[Black "Moshovakis, Aggelos"]
[Result "1-0"]
[Board "8"]
[WhiteElo "2029"]
[WhiteCountry "GRE"]
[WhiteFideId "4276078"]
[WhiteEloChange "12"]
[BlackElo "2092"]
[BlackCountry "GRE"]
[BlackFideId "4297350"]
[BlackEloChange "-12"]

1. e4 {[%clk 1:30:54]} e5 {[%clk 1:30:43]} 2. Nf3 {[%clk 1:31:16]} Nc6 {[%clk
1:31:08]} 3. Bc4 {[%clk 1:31:30]} Bc5 {[%clk 1:31:36]} 4. d3 {[%clk 1:31:50]} Nf6
{[%clk 1:32:00]} 5. Bg5 {[%clk 1:32:12]} h6 {[%clk 1:31:29]} 6. Bh4 {[%clk
1:32:37]} O-O {[%clk 1:31:35]} 7. c3 {[%clk 1:32:15]} Be7 {[%clk 1:31:18]} 8. a4
{[%clk 1:31:36]} a5 {[%clk 1:31:19]} 9. Nbd2 {[%clk 1:30:56]} d6 {[%clk 1:31:12]}
10. O-O {[%clk 1:29:12]} Nh7 {[%clk 1:27:06]} 11. Bg3 {[%clk 1:26:32]} Ng5 {[%clk
1:24:56]} 12. h3 {[%clk 1:23:03]} Bf6 {[%clk 1:24:20]} 13. Nxg5 {[%clk 1:20:08]}
Bxg5 {[%clk 1:22:40]} 14. Nf3 {[%clk 1:19:41]} Bf6 {[%clk 1:22:00]} 15. d4 {[%clk
1:16:29]} Re8 {[%clk 1:20:36]} 16. Re1 {[%clk 1:15:52]} exd4 {[%clk 1:17:59]} 17.
cxd4 {[%clk 1:15:55]} Nb4 {[%clk 1:17:59]} 18. Qb3 {[%clk 1:08:57]} Be6 {[%clk
1:14:49]} 19. Bxe6 {[%clk 1:08:24]} Rxe6 {[%clk 1:14:57]} 20. e5 {[%clk 1:08:15]}
Be7 {[%clk 1:07:53]} 21. d5 {[%clk 1:05:28]} Rg6 {[%clk 1:07:49]} 22. e6 {[%clk
1:05:28]} fxe6 {[%clk 1:06:16]} 23. dxe6 {[%clk 1:03:52]} d5 {[%clk 1:06:11]} 24.
Nd4 {[%clk 0:54:05]} Ra6 {[%clk 1:03:06]} 25. Qf3 {[%clk 0:50:21]} Kh7 {[%clk
1:00:37]} 26. Qf5 {[%clk 0:47:30]} c5 {[%clk 0:49:02]} 27. Nf3 {[%clk 0:46:51]}
Nc6 {[%clk 0:49:04]} 28. h4 {[%clk 0:44:07]} Qf8 {[%clk 0:46:04]} 29. Qxd5 {[%clk
0:42:01]} Nb4 {[%clk 0:45:15]} 30. Qe4 {[%clk 0:35:29]} Rxe6 {[%clk 0:42:00]} 31.
Ne5 {[%clk 0:34:53]} Kg8 {[%clk 0:36:43]} 32. Qxg6 {[%clk 0:34:43]} Rxg6 {[%clk
0:36:57]} 33. Nxg6 {[%clk 0:35:11]} Qf6 {[%clk 0:37:06]} 34. Nxe7+ {[%clk
0:35:06]} Kh7 {[%clk 0:37:30]} 35. Rad1 {[%clk 0:30:56]} Qxb2 {[%clk 0:36:02]}
36. h5 {[%clk 0:28:26]} Qf6 {[%clk 0:34:47]} 37. Ng6 {[%clk 0:27:57]} Qf5 {[%clk
0:34:56]} 38. Re5 {[%clk 0:28:07]} Qc8 {[%clk 0:34:46]} 39. Rde1 {[%clk 0:27:08]}
Qg4 {[%clk 0:34:23]} 40. f3 {[%clk 0:55:13]} 1-0

[Event "Greek Team Championship"]
[Site "chess24.com"]
[Date "2017.07.08"]
[Round "7"]
[White "Marinakis, Hristos"]
[Black "Giatrakos, Orestis"]
[Result "1/2-1/2"]
[Board "9"]
[WhiteElo "1842"]
[WhiteCountry "GRE"]
[WhiteFideId "4294661"]
[WhiteEloChange "1"]
[BlackElo "1889"]
[BlackCountry "GRE"]
[BlackFideId "4266897"]
[BlackEloChange "-1"]

1. Nf3 {[%clk 1:30:55]} d5 {[%clk 1:30:39]} 2. g3 {[%clk 1:30:56]} c6 {[%clk
1:30:40]} 3. Bg2 {[%clk 1:30:49]} Nf6 {[%clk 1:30:55]} 4. O-O {[%clk 1:30:29]}
Bf5 {[%clk 1:31:13]} 5. d4 {[%clk 1:28:16]} e6 {[%clk 1:31:20]} 6. Nbd2 {[%clk
1:27:37]} h6 {[%clk 1:31:37]} 7. c4 {[%clk 1:27:33]} Nbd7 {[%clk 1:31:34]} 8. b3
{[%clk 1:27:02]} Be7 {[%clk 1:31:27]} 9. Bb2 {[%clk 1:27:14]} O-O {[%clk
1:31:50]} 10. Rc1 {[%clk 1:23:32]} Qc7 {[%clk 1:21:23]} 11. e3 {[%clk 1:12:06]}
Rfe8 {[%clk 1:19:59]} 12. h3 {[%clk 1:10:15]} a5 {[%clk 1:18:06]} 13. a3 {[%clk
1:09:12]} Ne4 {[%clk 1:07:22]} 14. Re1 {[%clk 1:05:36]} Ndf6 {[%clk 1:04:39]} 15.
Nxe4 {[%clk 1:00:35]} Nxe4 {[%clk 1:04:55]} 16. Nd2 {[%clk 1:00:09]} Nxd2 {[%clk
0:56:54]} 17. Qxd2 {[%clk 1:00:14]} Red8 {[%clk 0:56:36]} 18. f4 {[%clk 0:53:31]}
Qb6 {[%clk 0:51:00]} 19. Qc3 {[%clk 0:52:07]} Bf6 {[%clk 0:50:17]} 20. c5 {[%clk
0:45:15]} Qc7 {[%clk 0:49:32]} 21. Re2 {[%clk 0:36:58]} Rdb8 {[%clk 0:45:20]} 22.
Ba1 {[%clk 0:33:14]} b5 {[%clk 0:44:21]} 23. cxb6 {[%clk 0:33:01]} Qxb6 {[%clk
0:42:57]} 24. g4 {[%clk 0:29:52]} Be4 {[%clk 0:39:31]} 25. Bxe4 {[%clk 0:29:51]}
dxe4 {[%clk 0:39:59]} 26. b4 {[%clk 0:29:19]} axb4 {[%clk 0:39:39]} 27. axb4
{[%clk 0:29:31]} Qxb4 {[%clk 0:39:53]} 28. Qxc6 {[%clk 0:29:45]} Rc8 {[%clk
0:38:43]} 29. Qxc8+ {[%clk 0:28:48]} Rxc8 {[%clk 0:39:07]} 30. Rxc8+ {[%clk
0:29:14]} Kh7 {[%clk 0:39:34]} 31. Rc1 {[%clk 0:28:37]} g5 {[%clk 0:37:15]} 32.
f5 {[%clk 0:25:16]} Qb8 {[%clk 0:36:57]} 33. Kg2 {[%clk 0:24:39]} exf5 {[%clk
0:37:15]} 34. gxf5 {[%clk 0:23:29]} h5 {[%clk 0:37:38]} 35. Rb2 {[%clk 0:22:30]}
Qd6 {[%clk 0:37:27]} 36. Rg1 {[%clk 0:20:35]} h4 {[%clk 0:37:50]} 37. Kh1 {[%clk
0:20:42]} Qa3 {[%clk 0:37:12]} 38. Re2 {[%clk 0:20:23]} Qa6 {[%clk 0:36:52]} 39.
Ree1 {[%clk 0:18:53]} Qa5 {[%clk 0:37:13]} 1/2-1/2

[Event "Greek Team Championship"]
[Site "chess24.com"]
[Date "2017.07.08"]
[Round "7"]
[White "Spyratos, Nikolaos"]
[Black "Pantelakis, Lefteris"]
[Result "1-0"]
[Board "10"]
[WhiteElo "1498"]
[WhiteCountry "GRE"]
[WhiteFideId "25835351"]
[WhiteEloChange "3"]
[BlackElo "1206"]
[BlackCountry "GRE"]
[BlackFideId "25800043"]
[BlackEloChange "-3"]

1. e4 {[%clk 1:30:30]} d6 {[%clk 1:30:49]} 2. d4 {[%clk 1:30:55]} g6 {[%clk
1:31:14]} 3. Nc3 {[%clk 1:31:20]} Bg7 {[%clk 1:31:29]} 4. f4 {[%clk 1:31:40]} Nf6
{[%clk 1:31:44]} 5. Nf3 {[%clk 1:31:35]} c6 {[%clk 1:31:54]} 6. Bd3 {[%clk
1:31:20]} O-O {[%clk 1:32:04]} 7. O-O {[%clk 1:31:35]} Nbd7 {[%clk 1:32:04]} 8.
e5 {[%clk 1:30:50]} Nd5 {[%clk 1:30:54]} 9. Qe1 {[%clk 1:30:45]} N7b6 {[%clk
1:28:59]} 10. Ne4 {[%clk 1:29:45]} Nc7 {[%clk 1:14:34]} 11. c3 {[%clk 1:25:05]}
Bf5 {[%clk 1:06:59]} 12. Qh4 {[%clk 1:19:50]} Bxe4 {[%clk 1:02:04]} 13. Bxe4
{[%clk 1:15:35]} e6 {[%clk 0:57:19]} 14. Qh3 {[%clk 1:13:20]} Qe7 {[%clk
0:48:29]} 15. g4 {[%clk 1:11:15]} d5 {[%clk 0:43:04]} 16. Bc2 {[%clk 1:11:15]} f6
{[%clk 0:36:39]} 17. f5 {[%clk 1:06:15]} exf5 {[%clk 0:32:09]} 18. gxf5 {[%clk
1:06:30]} Kf7 {[%clk 0:27:04]} 19. Qxh7 {[%clk 1:04:34]} Ke8 {[%clk 0:25:49]} 20.
exf6 {[%clk 1:04:19]} Qxf6 {[%clk 0:24:29]} 21. Re1+ {[%clk 1:03:24]} Kd7 {[%clk
0:23:54]} 22. Ne5+ {[%clk 1:01:54]} Kc8 {[%clk 0:23:29]} 23. Qxg6 {[%clk
1:00:45]} Qxg6+ {[%clk 0:22:59]} 24. fxg6 {[%clk 1:00:10]} Nd7 {[%clk 0:21:39]}
25. Bg5 {[%clk 0:56:10]} Nxe5 {[%clk 0:21:19]} 26. dxe5 {[%clk 0:56:05]} Ne6
{[%clk 0:20:34]} 27. Bf6 {[%clk 0:55:09]} Bxf6 {[%clk 0:18:29]} 28. exf6 {[%clk
0:55:34]} Rxf6 {[%clk 0:18:44]} 29. Rxe6 {[%clk 0:55:49]} Rxe6 {[%clk 0:18:49]}
30. Bf5 {[%clk 0:55:49]} Kd7 {[%clk 0:19:09]} 31. Re1 {[%clk 0:56:09]} Re8 {[%clk
0:19:19]} 32. g7 {[%clk 0:56:34]} Kd6 {[%clk 0:18:44]} 33. Rxe6+ {[%clk 0:56:49]}
Rxe6 {[%clk 0:19:09]} 34. Bxe6 {[%clk 0:57:14]} Kxe6 35. g8Q+ {[%clk 0:57:14]}
1-0

[Event "Greek Team Championship"]
[Site "chess24.com"]
[Date "2017.07.08"]
[Round "7"]
[White "Istratescu, Andrei"]
[Black "Macieja, Bartlomiej"]
[Result "1/2-1/2"]
[Board "1"]
[WhiteElo "2593"]
[WhiteTitle "GM"]
[WhiteCountry "ROU"]
[WhiteFideId "1200372"]
[WhiteEloChange "-1"]
[BlackElo "2537"]
[BlackTitle "GM"]
[BlackCountry "POL"]
[BlackFideId "1104306"]
[BlackEloChange "1"]

1. d4 {[%clk 1:30:57]} Nf6 {[%clk 1:30:02]} 2. c4 {[%clk 1:31:23]} e6 {[%clk
1:30:25]} 3. Nf3 {[%clk 1:31:50]} d5 {[%clk 1:30:47]} 4. Nc3 {[%clk 1:32:08]}
dxc4 {[%clk 1:31:11]} 5. e4 {[%clk 1:32:32]} Bb4 {[%clk 1:31:37]} 6. Bxc4 {[%clk
1:32:58]} Nxe4 {[%clk 1:32:00]} 7. O-O {[%clk 1:33:26]} Nxc3 {[%clk 1:32:22]} 8.
bxc3 {[%clk 1:33:52]} Be7 {[%clk 1:32:48]} 9. Ne5 {[%clk 1:34:06]} O-O {[%clk
1:33:12]} 10. Qg4 {[%clk 1:33:25]} Nc6 {[%clk 1:33:06]} 11. Re1 {[%clk 1:29:23]}
f5 {[%clk 1:33:27]} 12. Qf3 {[%clk 1:20:10]} Nxe5 {[%clk 1:33:47]} 13. Rxe5
{[%clk 1:20:33]} Kh8 {[%clk 1:34:13]} 14. Bf4 {[%clk 1:19:43]} Bd6 {[%clk
1:34:34]} 15. Re2 {[%clk 1:14:55]} Bxf4 {[%clk 1:34:26]} 16. Qxf4 {[%clk
1:11:34]} Qd6 {[%clk 1:34:52]} 17. Qxd6 {[%clk 1:05:00]} cxd6 {[%clk 1:35:09]}
18. Bxe6 {[%clk 1:05:24]} Re8 {[%clk 1:22:23]} 19. Rae1 {[%clk 0:54:12]} Bxe6
{[%clk 1:21:34]} 20. Rxe6 {[%clk 0:53:48]} Rxe6 {[%clk 1:21:59]} 21. Rxe6 {[%clk
0:54:14]} Rc8 {[%clk 1:22:24]} 22. Rxd6 {[%clk 0:52:53]} Kg8 {[%clk 0:17:05]} 23.
g3 {[%clk 0:48:10]} Rxc3 {[%clk 0:17:30]} 24. Rd8+ {[%clk 0:48:34]} Kf7 {[%clk
0:17:45]} 25. Rd7+ {[%clk 0:49:02]} Kf6 {[%clk 0:17:00]} 26. Rxb7 {[%clk
0:49:08]} Ra3 {[%clk 0:17:19]} 27. Rb2 {[%clk 0:49:32]} Rd3 {[%clk 0:06:13]} 28.
Rc2 {[%clk 0:47:40]} a5 {[%clk 0:05:00]} 29. Rc6+ {[%clk 0:45:52]} Ke7 {[%clk
0:04:56]} 30. Rc5 {[%clk 0:45:47]} Ra3 {[%clk 0:05:21]} 31. Rxf5 {[%clk 0:38:24]}
Rxa2 {[%clk 0:05:49]} 32. Rh5 {[%clk 0:34:46]} h6 {[%clk 0:06:06]} 33. Kg2 {[%clk
0:35:08]} Rd2 {[%clk 0:05:41]} 34. Rxa5 {[%clk 0:35:18]} Rxd4 {[%clk 0:06:07]}
35. Rf5 {[%clk 0:35:45]} Ke6 {[%clk 0:00:39]} 36. Rf8 {[%clk 0:35:44]} h5 {[%clk
0:00:06]} 37. Kh3 {[%clk 0:24:04]} Ra4 {[%clk 0:00:37]} 38. Rf4 {[%clk 0:21:26]}
Ra5 {[%clk 0:00:33]} 39. f3 {[%clk 0:21:25]} Rb5 {[%clk 0:00:33]} 40. Rf8 {[%clk
0:50:07]} Ke7 {[%clk 0:30:45]} 41. Rh8 {[%clk 0:49:48]} Kf7 {[%clk 0:26:44]} 42.
Kh4 {[%clk 0:49:46]} g6 {[%clk 0:26:45]} 43. Rh7+ {[%clk 0:49:34]} Kf8 {[%clk
0:24:42]} 44. f4 {[%clk 0:48:31]} Ra5 {[%clk 0:25:09]} 45. Rb7 {[%clk 0:43:18]}
Rc5 {[%clk 0:25:35]} 46. Rb2 {[%clk 0:39:05]} Kg7 {[%clk 0:24:43]} 47. Re2 {[%clk
0:38:53]} Kh6 {[%clk 0:21:50]} 48. Re5 {[%clk 0:38:28]} Rc2 {[%clk 0:21:56]} 49.
h3 {[%clk 0:37:40]} Rc4 {[%clk 0:22:21]} 50. Re6 {[%clk 0:37:24]} Ra4 {[%clk
0:21:33]} 51. Rf6 {[%clk 0:37:15]} Rb4 {[%clk 0:21:33]} 52. g4 {[%clk 0:37:14]}
Rxf4 {[%clk 0:21:48]} 53. Rxf4 {[%clk 0:37:37]} g5+ {[%clk 0:22:15]} 54. Kg3
{[%clk 0:38:05]} gxf4+ {[%clk 0:22:41]} 55. Kxf4 {[%clk 0:38:31]} hxg4 {[%clk
0:23:06]} 56. hxg4 {[%clk 0:38:47]} Kg6 {[%clk 0:23:31]} 1/2-1/2

[Event "Greek Team Championship"]
[Site "chess24.com"]
[Date "2017.07.08"]
[Round "7"]
[White "Moutousis, Konstantinos"]
[Black "Szabo, Gergely-Andras-Gyula"]
[Result "0-1"]
[Board "2"]
[WhiteElo "2413"]
[WhiteTitle "IM"]
[WhiteCountry "GRE"]
[WhiteFideId "4200071"]
[WhiteEloChange "-3"]
[BlackElo "2546"]
[BlackTitle "GM"]
[BlackCountry "ROU"]
[BlackFideId "1205064"]
[BlackEloChange "3"]

1. d4 {[%clk 1:30:58]} Nf6 {[%clk 1:30:44]} 2. c4 {[%clk 1:31:21]} e6 {[%clk
1:31:09]} 3. g3 {[%clk 1:31:43]} d5 {[%clk 1:31:26]} 4. Bg2 {[%clk 1:32:07]} Bb4+
{[%clk 1:31:50]} 5. Bd2 {[%clk 1:32:30]} Be7 {[%clk 1:32:17]} 6. Nf3 {[%clk
1:32:56]} O-O {[%clk 1:32:33]} 7. Qc2 {[%clk 1:33:00]} c6 {[%clk 1:32:31]} 8. O-O
{[%clk 1:33:18]} b6 {[%clk 1:30:23]} 9. Rd1 {[%clk 1:31:27]} Nbd7 {[%clk
1:30:16]} 10. Bg5 {[%clk 1:16:05]} Ba6 {[%clk 1:21:20]} 11. Nbd2 {[%clk 1:15:05]}
Rc8 {[%clk 1:16:34]} 12. Rac1 {[%clk 1:14:47]} c5 {[%clk 1:05:19]} 13. Qa4 {[%clk
1:12:08]} Bb7 {[%clk 0:59:30]} 14. cxd5 {[%clk 0:44:16]} Bxd5 {[%clk 0:47:35]}
15. Qc2 {[%clk 0:41:45]} Bb7 {[%clk 0:40:11]} 16. Qb1 {[%clk 0:41:19]} h6 {[%clk
0:37:31]} 17. Bxf6 {[%clk 0:40:13]} Bxf6 {[%clk 0:36:28]} 18. dxc5 {[%clk
0:36:42]} Rxc5 {[%clk 0:35:18]} 19. b4 {[%clk 0:27:14]} Rxc1 {[%clk 0:34:46]} 20.
Rxc1 {[%clk 0:27:27]} Qa8 {[%clk 0:27:56]} 21. Rc7 {[%clk 0:25:20]} Rd8 {[%clk
0:27:50]} 22. Ne1 {[%clk 0:16:52]} Bxg2 {[%clk 0:25:58]} 23. Nxg2 {[%clk
0:17:18]} Be5 {[%clk 0:25:15]} 24. Rc2 {[%clk 0:16:01]} Nf6 {[%clk 0:22:31]} 25.
Ne1 {[%clk 0:14:08]} Bc3 {[%clk 0:19:53]} 26. Rxc3 {[%clk 0:13:21]} Rxd2 {[%clk
0:20:15]} 27. Qc1 {[%clk 0:13:08]} Qd5 {[%clk 0:16:58]} 28. Nd3 {[%clk 0:10:34]}
Ne4 {[%clk 0:13:37]} 29. Rc8+ {[%clk 0:07:46]} Kh7 {[%clk 0:14:02]} 30. h4 {[%clk
0:07:27]} Qxa2 {[%clk 0:05:44]} 31. Rf8 {[%clk 0:04:56]} Rxd3 {[%clk 0:05:16]}
32. Rxf7 {[%clk 0:05:04]} Qxe2 {[%clk 0:04:52]} 33. Qc7 {[%clk 0:05:08]} Qg4
{[%clk 0:04:19]} 34. Kg2 {[%clk 0:05:17]} Nxg3 {[%clk 0:03:26]} 35. fxg3 {[%clk
0:05:38]} Rd2+ {[%clk 0:03:48]} 36. Rf2 {[%clk 0:06:03]} Qe4+ {[%clk 0:04:14]}
37. Kg1 {[%clk 0:06:12]} Qe1+ {[%clk 0:04:24]} 38. Rf1 {[%clk 0:06:36]} Qe3+
{[%clk 0:04:51]} 0-1